Statistics for Düsseldorf Airport (DUS) Destinations

Click here to take the quiz!

General Stats

  • This quiz has been taken 133 times
  • The average score is 70 of 118

Answer Stats

CountryDestination% Correct
AustriaVienna
96%
FranceParis
93%
GreeceAthens
91%
FinlandHelsinki
91%
GermanyMunich
91%
ItalyRome
91%
ItalyMilan
89%
GermanyBerlin
88%
Cabo VerdeSal
88%
TurkeyIstanbul
87%
AustriaSalzburg
87%
SpainBarcelona
86%
FranceNice
86%
SwitzerlandZurich
86%
NetherlandsAmsterdam
85%
DenmarkCopenhagen
85%
PortugalLisbon
85%
GermanyFrankfurt
84%
GermanyHamburg
84%
United KingdomLondon
84%
CzechiaPrague
84%
SwedenStockholm
84%
SpainMadrid
83%
NorwayOslo
82%
ItalyVenice
82%
PolandWarsaw
82%
TurkeyAnkara
81%
HungaryBudapest
81%
United KingdomManchester
81%
ItalyNaples
81%
IrelandDublin
80%
SwitzerlandGeneva
80%
FranceLyon
80%
IcelandReykjavik
79%
PolandKrakow
78%
LatviaRiga
78%
UkraineKyiv
77%
TunisiaTunis
77%
TurkeyAntalya
76%
United Arab EmiratesAbu Dhabi
75%
IraqBaghdad
75%
LebanonBeirut
75%
SerbiaBelgrade
75%
United KingdomBirmingham
75%
SpainValencia
75%
TurkeyIzmir
74%
SpainPalma
74%
CroatiaSplit
73%
GermanyLeipzig
72%
GermanyNuremberg
72%
GreeceThessaloniki
72%
SpainBilbao
70%
KosovoPristina
70%
ItalyPalermo
69%
GermanyDresden
68%
MaltaValletta
68%
CroatiaDubrovnik
67%
AustriaGraz
66%
ItalyBologna
64%
GreeceHeraklion
64%
SpainIbiza
64%
SpainMalaga
64%
MontenegroPodgorica
64%
SwedenGothenburg
63%
SpainTenerife
62%
SpainAlicante
61%
GreeceRhodes
61%
ItalyBari
59%
PolandWroclaw
59%
GreeceSantorini
57%
EgyptHurghada
55%
GreeceCorfu
54%
PortugalFaro
54%
ItalyCatania
53%
GreeceKos
53%
PortugalFunchal
52%
ItalyVerona
52%
SpainGran Canaria
51%
CyprusLarnaca
50%
BulgariaBurgas
49%
IraqErbil
47%
United KingdomNewcastle
47%
ItalyCagliari
45%
SpainFuerteventura
45%
TurkeyBodrum
43%
GreeceChania
43%
TurkeyAdana
40%
CroatiaRijeka
39%
TunisiaDjerba
38%
GreeceZakynthos
38%
CroatiaPula
36%
TurkeyGaziantep
34%
SpainLanzarote
34%
ItalyOlbia
34%
ItalyBrindisi
32%
GermanyKarlsruhe
30%
TurkeyDalaman
29%
TurkeyKonya
29%
SpainJerez de la Frontera
27%
GreeceKalamata
26%
FranceBastia
25%
ItalyLamezia Terme
25%
TunisiaMonastir
25%
GreeceSkiathos
25%
Cabo VerdeBoa Vista
24%
TurkeyTrabzon
24%
GreecePreveza
23%
GreeceSamos
22%
GermanySylt
22%
TurkeyKayseri
21%
SpainLa Palma
21%
TurkeySamsun
21%
GreeceKavala
18%
GreecePatras
18%
TurkeyDiyarbakir
17%
GermanyHeringsdorf
10%
IraqSulaimaniyah
7%
TurkeyElazig
4%

Score Distribution

Percentile by Number Answered

Percent of People with Each Score

Your Score History

You have not taken this quiz